Educación preescolar métodos, técnicas y organización / (Record no. 17896)

MARC details
000 -CABECERA
campo de control de longitud fija 00674nam a2200217 a 4500
005 - FECHA Y HORA DE LA ÚLTIMA TRANSACCIÓN
campo de control 20240924064516.0
008 - ELEMENTOS DE LONGITUD FIJA--INFORMACIÓN GENERAL
campo de control de longitud fija 991125m19801998es 000 0 spa u
020 ## - NÚMERO INTERNACIONAL NORMALIZADO PARA LIBROS
Número Internacional Estándar del Libro 8432994022
035 ## - NÚMERO DE CONTROL DEL SISTEMA
Número de control de sistema UPN01000017896
049 ## - COLECCIÓN
Colección CG
050 #4 - SIGNATURA TOPOGRÁFICA DE LA BIBLIOTECA DEL CONGRESO
Número de clasificación LB1140.3
Número de documento/Ítem E3.9 1980
245 00 - MENCIÓN DE TÍTULO
Título Educación preescolar métodos, técnicas y organización /
Mención de responsabilidad, etc. Cristina Castillo Cebrián ... [et al.].
250 ## - MENCIÓN DE EDICIÓN
Mención de edición 3a ed.
260 ## - PUBLICACIÓN, DISTRIBUCIÓN, ETC.
Lugar de publicación, distribución, etc. Barcelona [Esp.] :
Nombre del editor, distribuidor, etc. CEAC,
Fecha de publicación, distribución, etc. 1980 (1998 impr.).
300 ## - DESCRIPCIÓN FÍSICA
Extensión 254 p.
440 #0 - MENCIÓN DE SERIE/ASIENTO SECUNDARIO--TÍTULO
Título Educación y enseñanza.
Nombre de parte o sección de la obra Preescolar
650 #4 - ASIENTO SECUNDARIO DE MATERIA - TERMINO TEMATICO
Término de materia o nombre geográfico como elemento de entrada Educación preescolar
9 (RLIN) 1517
700 1# - ASIENTO SECUNDARIO--NOMBRE DE PERSONAL
Nombre de persona Castillo Cebrián, Cristina,
Término indicativo de función/relación coaut.
905 ## - TIPO DE MATERIAL
Tipo de material Libro
Holdings
Estado de retiro Estado de pérdida Fuente del sistema de clasificación o colocación Estado dañado No para préstamo Código de colección Localización permanente Ubicación/localización actual Ubicación en estantería Total de préstamos Clasificación Código de barras Fecha visto por última vez Número de copia Tipo de ítem Koha Fecha de adquisición Fecha del último préstamo
    Library of Congress Classification     Colección General Bib. Gregorio Torres Quintero Bib. Gregorio Torres Quintero Planta baja   LB1157 E3.6 1980 38414 31/12/2020 1 Libro    
    Library of Congress Classification     Colección General Bib. Gregorio Torres Quintero Bib. Gregorio Torres Quintero Planta baja 28 LB1157 E3.6 1980 266579 18/10/2022 1 Libro 05/10/2022 05/10/2022
    Library of Congress Classification     Colección General Bib. Gregorio Torres Quintero Bib. Gregorio Torres Quintero Planta baja 6 LB1157 E3.6 1980 317028 27/09/2022 1 Libro 02/09/2022 21/09/2022
    Library of Congress Classification     Colección General Bib. Gregorio Torres Quintero Bib. Gregorio Torres Quintero Planta baja 41 LB1157 E3.6 1980 266578 03/11/2022 1 Libro 18/10/2022 18/10/2022